[Event "Emilia Romagna Province-ch"]
[Site "Formigine"]
[Date "2007.05.01"]
[Round "6"]
[White "Quattrini, Massimo"]
[Black "Carrara, Salvatore"]
[Result "0-1"]
[WhiteElo "1718"]
[BlackElo "1812"]
[PlyCount "88"]
[EventDate "2007.04.28"]
[EventType "swiss"]
[EventRounds "6"]
[EventCountry "ITA"]
[SourceTitle "EXT 2009"]
[Source "ChessBase"]
[SourceDate "2008.11.26"]
[SourceVersion "1"]
[SourceVersionDate "2008.11.26"]
[SourceQuality "1"]

1. e4 d6 2. d4 Nf6 3. Nc3 g6 4. Nf3 Bg7 5. Be2 0-0 6. 0-0 Nbd7 7. Bg5 h6 8. Bf4 c5 9. Qd2 cxd4 10. Nb5 Nxe4 11. Qc1 Kh7 12. Bd3 Nec5 13. Bg3 Qb6 14. Na3 Nxd3 15. cxd3 Nc5 16. Qd2 Bf5 17. Nc4 Qd8 18. Ne1 a5 19. f4 b5 20. Na3 Qb6 21. Bf2 e5 22. Nac2 b4 23. h3 h5 24. Kh1 Bh6 25. Bg3 Ne6 26. Qf2 Bxf4 27. Bxf4 Nxf4 28. Qh4 Qd8 29. Rxf4 exf4 30. Qxf4 Qd7 31. Nxd4 Be6 32. Nef3 f6 33. Rg1 Bd5 34. g4 g5 35. Qg3 h4 36. Qf2 Qb7 37. Kh2 Bxf3 38. Nxf3 Qd5 39. Nxh4 Qxd3 40. Rd1 Qxd1 41. Qf5+ Kh8 42. Qg6 Qe2+ 43. Kh1 Qe1+ 44. Kh2 Qxh4 0-1